| 000 | 00598nam a2200169 a 4500 | ||
|---|---|---|---|
| 008 | 060316s1973 ||||||||||||||||| || u | ||
| 020 | _a0256002703 | ||
| 050 | _aHF 5415.13 Man | ||
| 100 | _aKelly, Eugene | ||
| 245 | 1 | 0 | _aManagerial marketing: policies, strategies, and decisions. |
| 260 |
_aHomewood : _bR. D. Irwin _c1973 |
||
| 300 | _axiv, 490 p. illus. | ||
| 350 | _a0.00 | ||
| 650 | _aMARKETING--MANAGEMENT | ||
| 700 | _aLazer, William | ||
| 995 |
_D0.00 _FCBU-MAIN LIBRARY (Kitwe) _H1 _I9.95 _M1 _UDAMAGED _ZMain Library Open Access Collection |
||
| 999 |
_c50090 _d50090 |
||